01394nam a22002297a 4500008004100000020001800041037001500059040003500074041000800109082002200117100002900139245006100168264004800229300003000277500005200307505006900359520063500428650002501063650002501088650002501113700002601138240212t20012005ck gr 000 0 spa d a9789587043358 3Donación aCO-JMCRcCO-JMCRdCO-JMCRerda aspa 223a301.158bM71a aMolano, Alfredo, eautor aAguas arriba :bentre la coca y el oro /cAlfredo Molano aBogotá : bEl Ancora Editores , c©2005 a227 páginas ; c17 cm.  aIncluye glosario -- mapa de Vichada y Guainía a1. Chispas, el cabo -- 2. Mauricio -- 3. La Gata -- 4. El Joyero a"No muy lejanas a las aventuras y desventuras de los viajeros españoles del siglo XVI los territorios agrestes y la sed de oro no han variado un ápice, estas crónicas escritas por Molano a partir del testimonio de los propios protagonistas y de su experiencia en tierras de colonos, resultan tan apasionantes como desgarradoras. Con una pluma ágil y brillante, Molano nos adentra en tierras recónditas, en un mundo en buena parte sin Estado, sin sistemas judiciales definidos, donde las normas de convivencia se imponen ya sea espontáneamente o por la fuerza. Un mundo duro, donde sobrevivir no es una tarea sencilla". zGuainía (Colombia) zGuainía (Colombia) zGuainía (Colombia) aMelo, Jorge Orlando,